Statistics for Countries which are landlocked

Click here to take the quiz!

General Stats

  • This quiz has been taken 18 times
    (7 since last reset)
  • The average score is 40 of 44

Answer Stats

HintAnswer% Correct
Asian countryAfghanistan
100%
European countryAndorra
100%
European countryAustria
100%
Asian countryBhutan
100%
South American countryBolivia
100%
African countryBotswana
100%
European countryCzech Republic
100%
European countryHungary
100%
Asian countryKazakhstan
100%
Asian countryKyrgyzstan
100%
European countryLiechtenstein
100%
European countryLuxembourg
100%
African countryMali
100%
Asian countryNepal
100%
African countryNiger
100%
South American countryParaguay
100%
European countrySan marino
100%
European countrySlovakia
100%
African countrySouth sudan
100%
European countrySwitzerland
100%
Asian countryTajikistan
100%
Asian countryTurkmenistan
100%
European countryVatican city
100%
African countryZambia
100%
African countryZimbabwe
100%
European countryBelarus
83%
African countryBurkina Faso
83%
African countryBurundi
83%
African countryCentral African Republic
83%
African countryChad
83%
African countryLesotho
83%
African countryMalawi
83%
Asian countryMongolia
83%
European countryNorth macedonia
83%
African countryRwanda
83%
European countrySerbia
83%
African countryUganda
83%
Asian countryUzbekistan
83%
Asian countryArmenia
67%
Asian countryAzerbaijan
67%
African countryEswatini
67%
African countryEthiopia
67%
Asian countryLaos
67%
European countryMoldova
67%

Score Distribution

Percentile by Number Answered

Percent of People with Each Score

Your Score History

You have not taken this quiz since the last reset